000 01211nam a2200301 i 4500
003 EG-GICUC
005 20260422120833.0
008 260422s1967 ua ||fr|||| 00| 0 ara d
040 _a EG-GICUC
_bfre
_c EG-GICUC
_d EG-GICUC
_erda
041 _afre
082 0 4 _221
_a343.3754
_bج م . م
092 0 4 _221
099 _aLaw1 10 343.3754 ج م . م 1982
110 _aالجمهورية العربية المتحدة
_eمعد.
245 0 0 _aمحكمة النقض:
_bالمجموعة الرسمية للاحكام والبحوث القانونية /
_cالجمهورية العربية المتحدة.
264 _aالقاهرة:
_bالهيئة العامة لشئون المطابع الاميرية,
_c1967.
300 _a90 صفحة ؛
_c24 سم
_billustration ;
336 _2rda content
_atext
337 _2rda media
_aComputer
338 _2rda carrier
_aOnline Resource
546 _aالنص أغلبه باللغة العربية مع بعض النصوص الفرنسية
650 1 _aقانون جنائي
_2qrmak
650 1 _aمحكمة النقض
_2qrmak
651 1 _2qrmak
856 4 0 _uhttps://fll.law.cu.edu.eg/fulltext/bks/B10-10264.pdf
905 _a72
942 _2ddc
_n0
_cBK
_e21
999 _c72809
_d72809